[Event "American Continental"]
[Site "Buenos Aires ARG"]
[Date "2005.08.13"]
[Round "8"]
[White "Ricardi,P"]
[Black "Bronstein,L"]
[Result "1/2-1/2"]
[WhiteElo "2551"]
[BlackElo "2342"]
[EventDate "2005.08.06"]

1. e4 e5 2. Nf3 Nc6 3. Bb5 a6 4. Ba4 Nf6 5. d3 b5 6. Bb3 Bc5 7. O-O d6 8.
c3 h6 9. a4 Rb8 10. axb5 axb5 11. Na3 O-O 12. Nc2 Be6 13. Bxe6 fxe6 14. b4
Bb6 15. Na3 Ra8 16. Rb1 Na7 17. h3 c6 18. Nc2 Nc8 19. Be3 Ne7 20. Ra1 Bxe3
21. Nxe3 Ng6 22. Rxa8 Qxa8 23. Qb3 d5 24. Rd1 Qa4 25. Qxa4 bxa4 26. exd5
exd5 27. Ra1 Ra8 28. Ra3 e4 29. dxe4 Nxe4 30. c4 Nd6 31. cxd5 Nb5 32. Ra1
cxd5 33. Nxd5 a3 34. Nb6 Rd8 35. Kf1 Rd3 36. Ne1 Rc3 37. Nd5 Rc4 38. Ne3
Rxb4 39. N1c2 Ra4 40. Ke2 Nf4+ 41. Kd2 Ne6 42. Rb1 Nbc7 43. Ra1 Nb5 44. Rb1
Nbc7 45. Ra1 1/2-1/2

[Event "American Continental"]
[Site "Buenos Aires ARG"]
[Date "2005.08.13"]
[Round "8"]
[White "Arencibia,W"]
[Black "Moreda,L"]
[Result "1/2-1/2"]
[WhiteElo "2527"]
[BlackElo "2329"]
[EventDate "2005.08.06"]

1. d4 d5 2. c4 c6 3. Nc3 Nf6 4. e3 Bf5 5. cxd5 Nxd5 6. Nge2 e6 7. e4 Nxc3
8. Nxc3 Bg6 9. Be3 Nd7 10. d5 exd5 11. exd5 Bb4 12. dxc6 bxc6 13. Qd4 Bxc3+
14. Qxc3 O-O 15. Rd1 Qc7 16. Be2 Nf6 17. O-O Be4 18. Bd4 Nd5 19. Qg3 Qxg3
20. hxg3 Rfe8 21. Rd2 a5 22. f3 Bf5 23. Rc1 Bd7 24. Kf2 h6 25. Bd1 a4 26.
Bc5 Be6 27. Rd4 Reb8 28. Ba3 Nc7 29. Rxa4 Nb5 30. Bc5 Rxa4 31. Bxa4 Bxa2
32. b3 Rd8 33. Ke2 Rd5 34. Be3 Rd6 35. g4 Kh7 36. f4 Kg8 37. g3 Kh7 38. f5
Kg8 39. Bc5 Rd5 40. Ke3 Re5+ 41. Kf4 Rd5 42. b4 Rd3 43. Re1 Bd5 44. Re3 Rd2
45. g5 hxg5+ 46. Kxg5 Nd4 47. Bxd4 Rxd4 48. f6 Be6 49. Bxc6 Rg4+ 50. Kh5
Rxb4 51. fxg7 Kxg7 52. Bf3 Bb3 1/2-1/2

[Event "American Continental"]
[Site "Buenos Aires ARG"]
[Date "2005.08.13"]
[Round "8"]
[White "De Dovitiis,A"]
[Black "Garcia,Gild"]
[Result "1/2-1/2"]
[WhiteElo "2345"]
[BlackElo "2453"]
[EventDate "2005.08.06"]

1. e4 c5 2. Nf3 Nc6 3. c3 d5 4. exd5 Qxd5 5. d4 Bg4 6. Be2 cxd4 7. cxd4 Nf6
8. Nc3 Qa5 9. O-O e6 10. h3 Bh5 11. a3 Be7 12. Be3 O-O 13. Qb3 Rab8 14.
Rfd1 Rfd8 15. Rac1 Nd5 16. Nxd5 Qxd5 17. Qxd5 Rxd5 18. g4 Bg6 19. Bc4 Rdd8
20. Ne5 Be4 21. f3 Bd5 22. Bxd5 Rxd5 23. Nxc6 bxc6 24. b4 Rc8 25. Rc4 a5
26. Rdc1 axb4 27. axb4 h5 28. Kf2 Ra8 29. R1c2 Ra1 30. Rc1 Ra4 31. Rxc6
Rxb4 32. Rc8+ Kh7 33. R8c7 Bh4+ 34. Ke2 Kg6 35. R1c5 Rb2+ 36. Kd3 Rb3+ 37.
Ke2 hxg4 38. hxg4 Rd8 39. f4 Bf6 40. f5+ exf5 41. gxf5+ Kh5 42. Rc3 Rxc3
43. Rxc3 Kg4 44. Rc7 Rf8 45. Rc5 Ra8 46. Kd3 Kf3 47. Bd2 Ra3+ 48. Bc3 Bd8
49. Rb5 Kf4 50. Kc4 Ra7 51. Bd2+ Kg4 52. Kd3 Bf6 53. Ke4 Ra2 54. Kd3 Ra8
55. Ke4 Ra7 56. Kd3 1/2-1/2

[Event "American Continental"]
[Site "Buenos Aires ARG"]
[Date "2005.08.13"]
[Round "8"]
[White "D'Arruda,R"]
[Black "Mosquera,M"]
[Result "0-1"]
[WhiteElo "2320"]
[BlackElo "2442"]
[EventDate "2005.08.06"]

1. d4 d5 2. Nf3 Nf6 3. c4 c6 4. e3 e6 5. Nbd2 Nbd7 6. Bd3 Bd6 7. O-O O-O 8.
e4 dxe4 9. Nxe4 Nxe4 10. Bxe4 Qc7 11. Re1 b6 12. Bc2 Bb7 13. Qd3 g6 14. Bh6
Rfe8 15. Rad1 Bf4 16. Bxf4 Qxf4 17. Re4 Qf6 18. Qe3 Rad8 19. h4 Qe7 20. h5
c5 21. d5 Nf6 22. Rh4 exd5 23. Qh6 Qf8 24. hxg6 Qxh6 25. gxf7+ Kxf7 26.
Rxh6 Kg7 27. Rh3 dxc4 28. Rg3+ Kf8 29. Kf1 Rxd1+ 30. Bxd1 Ba6 31. Kg1 Bc8
32. Kf1 Ne4 0-1

[Event "American Continental"]
[Site "Buenos Aires ARG"]
[Date "2005.08.13"]
[Round "8"]
[White "Hobaica,J"]
[Black "Lafuente,P"]
[Result "0-1"]
[WhiteElo "2317"]
[BlackElo "2435"]
[EventDate "2005.08.06"]

1. Nf3 c5 2. c4 Nf6 3. Nc3 e6 4. e3 Nc6 5. a3 d5 6. d4 Ne4 7. Qc2 Qa5 8.
dxc5 Bxc5 9. Nd2 Nxc3 10. Nb3 Qa4 11. Qxc3 Bd6 12. Be2 Be5 13. Qc2 Na5 14.
Bd1 Nxb3 15. Qxb3 Qxc4 16. Qxc4 dxc4 17. Be2 c3 18. Ra2 Bd7 19. bxc3 Bxc3+
20. Bd2 Bxd2+ 21. Rxd2 Bc6 22. Bf3 Bxf3 23. gxf3 Ke7 24. Rb2 b6 25. Rg1 g6
26. Rg4 Rac8 27. Rb5 Rhd8 28. Rb2 Rd5 29. Rh4 h5 30. Ra4 Rc7 31. Ra6 Rdc5
32. Rb4 Rd5 33. Rba4 Rdd7 34. h4 Kd8 35. Kf1 Kc8 36. Kg2 Kb8 37. Kg3 Rd5
38. f4 Rdc5 39. Kf3 R5c6 40. Rd4 Rc4 41. Ra4 Rxa4 42. Rxa4 Rc5 43. Rd4 Kc7
44. a4 Rd5 45. Rc4+ Kd7 46. Rb4 Kc6 47. Rc4+ Kb7 48. Ke4 a6 49. Rc3 b5 50.
axb5 axb5 51. Rc1 Kb6 52. Rc8 b4 53. Rb8+ Ka5 54. Ra8+ Kb5 55. Ra7 f5+ 56.
Kf3 b3 57. Ke2 Kb4 58. Rb7+ Rb5 0-1

[Event "American Continental"]
[Site "Buenos Aires ARG"]
[Date "2005.08.13"]
[Round "8"]
[White "Dolezal,C"]
[Black "Bitelmajer,M"]
[Result "0-1"]
[WhiteElo "2402"]
[BlackElo "2243"]
[EventDate "2005.08.06"]

1. c4 c5 2. Nc3 Nc6 3. Nf3 g6 4. e3 Bg7 5. d4 Nf6 6. d5 Nb8 7. e4 d6 8. h3
O-O 9. Bg5 e6 10. Bd3 h6 11. Be3 exd5 12. exd5 a6 13. Qd2 Kh7 14. a4 Qc7
15. Nh2 Re8 16. Kf1 Nbd7 17. Ng4 Ng8 18. Ne2 f5 19. Nh2 Ne5 20. Nf3 Qe7 21.
h4 Nf6 22. Nf4 Bd7 23. h5 g5 24. Ng6 Nxg6 25. hxg6+ Kg8 26. Bxg5 hxg5 27.
Qxg5 Ng4 28. Qh5 Nh6 29. Rh4 Qf6 30. Rb1 b5 31. Ng5 bxc4 32. Bxc4 Re7 33.
Nh7 Qe5 34. Qg5 f4 35. Rxf4 Qxg5 36. Nxg5 Bf5 37. Rd1 Bxg6 38. Ne6 Bxb2 39.
Nxc5 Be5 40. Rh4 Nf5 41. Rg4 Kh7 42. Rd3 dxc5 43. Rh3+ Kg7 44. Bd3 Rf7 45.
Rf3 Ne7 46. Re3 Kf6 47. Rf3+ Bf5 48. Re4 Nxd5 49. g4 Nf4 50. Rfxf4 Bxf4 51.
Rxf4 Ke5 52. Rxf5+ Rxf5 53. Bxf5 Kf4 54. Ke2 Rd8 55. Bd3 a5 56. f3 Rd4 57.
Bc2 c4 58. g5 c3 59. Bb3 Rd2+ 60. Ke1 Kxg5 0-1

[Event "American Continental"]
[Site "Buenos Aires ARG"]
[Date "2005.08.13"]
[Round "8"]
[White "Claverie,R"]
[Black "Mayorga,N"]
[Result "1/2-1/2"]
[WhiteElo "2388"]
[BlackElo "2188"]
[EventDate "2005.08.06"]

1. e4 d5 2. exd5 Qxd5 3. Nc3 Qa5 4. g3 Nf6 5. Bg2 c6 6. Nge2 Bg4 7. h3 Bh5
8. b4 Qc7 9. O-O e6 10. Rb1 Be7 11. b5 O-O 12. Qe1 Bg6 13. d3 cxb5 14. Nxb5
Qd7 15. Na3 Nc6 16. Nc4 Rac8 17. a4 b6 18. Bd2 Nd5 19. Kh2 Rfd8 20. f4 Bf6
21. g4 Nd4 22. Nxd4 Bxd4 23. Rb5 a6 24. Rb3 h6 25. Be4 Bxe4 26. Qxe4 Nf6
27. Qf3 Qxa4 28. g5 Nd5 29. f5 exf5 30. Qxf5 Qd7 31. Qxd7 Rxd7 32. gxh6 b5
33. Na3 Be3 34. Bxe3 Nxe3 35. Rg1 g6 36. c4 bxc4 37. dxc4 Nxc4 38. Rc1 Nb6
39. Rxc8+ Nxc8 40. Nc4 Kh7 41. Ra3 Ra7 42. Ne5 Kxh6 43. Nc6 Ra8 44. Ra5 Nd6
45. Nb4 Ne4 46. Rxa6 Rb8 47. Nd3 Rb3 48. Ne5 Rb2+ 49. Kg1 f6 50. Nf3 g5 51.
h4 g4 52. Ng5 Nxg5 53. Rxf6+ Kh5 54. hxg5 Kxg5 55. Ra6 1/2-1/2

[Event "American Continental"]
[Site "Buenos Aires ARG"]
[Date "2005.08.13"]
[Round "8"]
[White "Gonzalez Zamora,J"]
[Black "Lemos,D"]
[Result "1/2-1/2"]
[WhiteElo "2546"]
[BlackElo "2284"]
[EventDate "2005.08.06"]

1. d4 Nf6 2. Nf3 g6 3. c4 Bg7 4. Nc3 O-O 5. Bg5 d6 6. e3 h6 7. Bh4 g5 8.
Bg3 Nh5 9. Bd3 e6 10. Nd2 Nxg3 11. hxg3 Nd7 12. Qc2 f5 13. O-O-O Nf6 14. f3
d5 15. Kb1 c6 16. a3 Qd6 17. g4 fxg4 18. e4 e5 19. dxe5 Qxe5 20. exd5 cxd5
21. cxd5 Bd7 22. Rde1 Qf4 23. Ne2 Qa4 24. Qxa4 Bxa4 25. Nc3 Bd7 26. Nc4
gxf3 27. gxf3 Ne8 28. Ne5 Bf5 29. Bxf5 Rxf5 30. Ng4 Nf6 31. Nxh6+ Bxh6 32.
Rxh6 Kg7 33. Rh3 Nxd5 34. Nxd5 Rxd5 35. Re7+ Kg6 36. Rxb7 a5 37. Ka2 Re8
38. a4 Re3 39. Rg3 Rd4 40. Rb5 Rxa4+ 41. Kb1 Kf6 42. Rgxg5 Rxf3 43. Rxa5
Rxa5 44. Rxa5 Ke6 45. Rc5 Kd6 46. Rc8 Rf5 47. Ka2 Ra5+ 48. Kb3 Ra7 49. Kc3
Rb7 50. Rc4 Ra7 51. Kc2 Rb7 52. Kc3 Ra7 53. Kb4 Rb7+ 54. Ka3 Ra7+ 55. Ra4
Rb7 56. Rh4 Kc5 57. Rh5+ Kc4 58. Rh4+ Kc5 59. Ra4 Rg7 60. Rb4 Ra7+ 61. Kb3
Rg7 62. Rb8 Rg4 63. Ka3 Kc6 64. b3 Rf4 65. b4 Kc7 66. Rh8 Kb6 67. Ka4 Rf6
68. Rb8+ Ka7 69. Rb5 Rg6 70. Re5 Kb6 71. Re4 Rf6 72. b5 Rh6 1/2-1/2

[Event "American Continental"]
[Site "Buenos Aires ARG"]
[Date "2005.08.13"]
[Round "8"]
[White "Valerga,D"]
[Black "Luconi,C"]
[Result "1-0"]
[WhiteElo "2499"]
[BlackElo "2258"]
[EventDate "2005.08.06"]

1. e4 c6 2. d4 d5 3. Nd2 dxe4 4. Nxe4 Nd7 5. Nf3 Ndf6 6. Ng3 Bg4 7. c3 e6
8. h3 Bxf3 9. Qxf3 Bd6 10. Bd3 Qc7 11. O-O O-O-O 12. a4 h6 13. b4 g5 14. b5
c5 15. a5 Kb8 16. b6 Qc6 17. bxa7+ Kxa7 18. Ne4 Nxe4 19. Bxe4 Qc7 20. dxc5
Bxc5 21. Rb1 Rb8 22. Rb5 1-0

[Event "American Continental"]
[Site "Buenos Aires ARG"]
[Date "2005.08.13"]
[Round "8"]
[White "Bielicki,C"]
[Black "Soppe,G"]
[Result "1/2-1/2"]
[WhiteElo "2307"]
[BlackElo "2432"]
[EventDate "2005.08.06"]

1. c4 e6 2. Nf3 Nf6 3. g3 d5 4. Bg2 dxc4 5. Qa4+ c6 6. Qxc4 b5 7. Qc2 Bb7
8. O-O Nbd7 9. d3 Rc8 10. Nbd2 Be7 11. Nb3 c5 12. Bd2 O-O 13. Na5 Ba8 14.
Rac1 Qb6 15. Qb1 Qa6 16. Ne1 Bxg2 17. Nxg2 Bd8 18. Nb3 Bb6 19. Na1 Rfd8 20.
Nc2 h6 21. Nce3 Nb8 22. Rfd1 Nc6 23. Kf1 Qb7 24. Kg1 Nd4 25. Re1 e5 26. Nc2
Nxc2 27. Rxc2 Qd7 28. Be3 Nd5 29. Bd2 Qh3 30. Kh1 Nf6 31. f3 c4 32. Be3
Bxe3 33. Nxe3 cxd3 34. exd3 Qd7 35. Rd1 a6 36. Kg2 Qa7 37. Nf1 Qd4 38. Rdd2
Qd7 39. a3 Nh7 40. Qe1 Rxc2 41. Rxc2 f6 42. h4 Nf8 43. Rc3 Ne6 44. Nd2 Nd4
45. Nb3 Ne6 46. Qe4 Kh8 47. Na5 Nd4 48. Nb3 Nxb3 49. Rxb3 Qe6 50. Rc3 Qa2
51. Qe2 a5 52. Qc2 Qe6 53. Qe2 Qd5 54. Qe4 Qa2 55. Qe2 b4 56. axb4 axb4 57.
Rc2 Qd5 58. Rc4 b3 59. Rc3 f5 60. Qe3 f4 61. Qe4 Qf7 62. Qxe5 Re8 63. Qxf4
Re2+ 64. Kh3 Qxf4 65. gxf4 Rxb2 66. h5 1/2-1/2

[Event "American Continental"]
[Site "Buenos Aires ARG"]
[Date "2005.08.13"]
[Round "8"]
[White "Arambel,S"]
[Black "Alzate,D"]
[Result "1/2-1/2"]
[WhiteElo "2295"]
[BlackElo "2415"]
[EventDate "2005.08.06"]

1. Nf3 Nf6 2. c4 e6 3. g3 b6 4. Bg2 Bb7 5. O-O c5 6. Nc3 Be7 7. d4 cxd4 8.
Qxd4 d6 9. Rd1 a6 10. b3 Nbd7 11. Bb2 O-O 12. Ng5 Bxg2 13. Kxg2 Qc7 14.
Nge4 Rfd8 15. Rac1 b5 16. cxb5 Qb7 17. Kg1 d5 18. bxa6 Qxa6 19. Nxf6+ Bxf6
20. Qd2 Nc5 21. Qf4 d4 22. Ne4 Nxe4 23. Qxe4 Qxa2 24. Ra1 Qxb3 25. Rxa8
Qxd1+ 26. Kg2 Qb3 27. Rxd8+ Bxd8 28. Qxd4 Qb7+ 29. Kg1 Bf6 30. Qa4 h6 31.
Qe8+ Kh7 32. Bxf6 Qb1+ 33. Kg2 Qe4+ 34. Kg1 Qb1+ 35. Kg2 Qe4+ 1/2-1/2

[Event "American Continental"]
[Site "Buenos Aires ARG"]
[Date "2005.08.13"]
[Round "8"]
[White "Mazziotti Irigoyen,G"]
[Black "Bachmann,Ax"]
[Result "0-1"]
[WhiteElo "2293"]
[BlackElo "2410"]
[EventDate "2005.08.06"]

1. e4 c5 2. Nf3 e6 3. c4 Nc6 4. Nc3 e5 5. d3 d6 6. Nd5 Be7 7. Be3 f5 8. b4
Nf6 9. Nxf6+ Bxf6 10. b5 Ne7 11. g3 Be6 12. h4 h6 13. Bh3 Qd7 14. Qc2 O-O
15. Bd2 a6 16. bxa6 Rxa6 17. Ng5 Bxg5 18. hxg5 hxg5 19. exf5 Nxf5 20. Bxf5
Bxf5 21. f3 Qc6 22. Bxg5 Qxf3 23. Qh2 Qxd3 24. Bd2 Qxc4 25. Qh8+ Kf7 26.
Qh5+ Ke6 27. Rh4 Qd3 28. Qg5 Bh3 29. Rh6+ gxh6 30. Qxh6+ Rf6 31. Qxh3+ Qf5
32. Qg2 Ra4 0-1

[Event "American Continental"]
[Site "Buenos Aires ARG"]
[Date "2005.08.13"]
[Round "8"]
[White "Tobares,L"]
[Black "Dos Santos,R"]
[Result "1/2-1/2"]
[WhiteElo "2260"]
[BlackElo "2393"]
[EventDate "2005.08.06"]

1. d4 Nf6 2. c4 g6 3. Nc3 d5 4. Nf3 Bg7 5. Bf4 O-O 6. e3 c5 7. dxc5 Qa5 8.
Qa4 Qxc5 9. Rd1 dxc4 10. Bxc4 Nc6 11. Qb5 Nd7 12. O-O a6 13. Qxc5 Nxc5 14.
Bc7 Bg4 15. h3 Bxf3 16. gxf3 Rac8 17. Bg3 b5 18. Be2 Rfd8 19. Rc1 Rd2 20.
Rfd1 Rcd8 21. Rxd2 Rxd2 22. Nxb5 Rxe2 23. Rxc5 axb5 24. Rxc6 Rxb2 25. Rc8+
Bf8 26. Rb8 b4 27. Be5 Rb1+ 28. Kg2 f6 29. Bd4 Kf7 30. Bc5 Ra1 31. Bxb4
Rxa2 32. Bc3 Rc2 33. Bb4 g5 34. Ba3 h5 35. Bb4 Rb2 36. Bd6 Ra2 37. Bc5 f5
38. Bd4 Rd2 39. Rb5 Kg6 40. Rb6+ Kf7 41. Rb5 Kg6 1/2-1/2

[Event "American Continental"]
[Site "Buenos Aires ARG"]
[Date "2005.08.13"]
[Round "8"]
[White "Scarella,E"]
[Black "Zukerfeld,A"]
[Result "1-0"]
[WhiteElo "2367"]
[BlackElo "2237"]
[EventDate "2005.08.06"]

1. d4 Nf6 2. c4 g6 3. g3 Bg7 4. Bg2 d5 5. cxd5 Nxd5 6. e4 Nb6 7. Ne2 e5 8.
d5 O-O 9. Nbc3 c6 10. O-O cxd5 11. exd5 Bf5 12. b3 Nc8 13. Ba3 Nd6 14. Rc1
Na6 15. Qd2 Qd7 16. f3 h5 17. Ne4 Bxe4 18. fxe4 Rfc8 19. Nc3 Nc7 20. Na4
Nce8 21. Nc5 Qb5 22. Bh3 Rc7 23. Rfe1 Bf8 24. Kh1 a5 25. Bf1 Qb6 26. Na4
Qa7 27. Rxc7 Nxc7 28. Bb2 Bg7 29. Qe3 Qxe3 30. Rxe3 b5 31. Nb6 Rd8 32. Re1
Rb8 33. Nd7 Rd8 34. Bh3 Nxe4 35. Rxe4 f5 36. d6 Ne8 37. Rxe5 Bxe5 38. Nxe5
Rxd6 39. Bf1 Rd2 40. Bc3 Rxa2 41. Nxg6 Nd6 42. Be5 Rd2 43. Bf4 Rd1 44. Kg2
a4 45. bxa4 bxa4 46. Be2 Rd4 47. Ne7+ Kf7 48. Nc6 Rd5 49. Nb4 Rd4 50. Nc2
Rd5 51. Nb4 Rd4 52. Nc6 Rd5 53. Ne5+ Ke6 54. Nc4 Ne4 1-0

[Event "American Continental"]
[Site "Buenos Aires ARG"]
[Date "2005.08.13"]
[Round "8"]
[White "Echavarria,J"]
[Black "Molina,Jo"]
[Result "1-0"]
[WhiteElo "2362"]
[BlackElo "2195"]
[EventDate "2005.08.06"]

1. e4 c6 2. d4 d5 3. Nc3 dxe4 4. Nxe4 Bf5 5. Ng3 Bg6 6. h4 h6 7. Nf3 Nd7 8.
h5 Bh7 9. Bd3 Bxd3 10. Qxd3 e6 11. Bf4 Qa5+ 12. Bd2 Qc7 13. O-O-O Ngf6 14.
Ne4 O-O-O 15. g3 Nxe4 16. Qxe4 Bd6 17. c4 Nf6 18. Qc2 c5 19. d5 exd5 20.
cxd5 Rhe8 21. Bc3 Qd7 22. Bxf6 gxf6 23. Kb1 Qg4 24. Nh4 Re2 25. Qf5+ Qxf5+
26. Nxf5 Be5 27. f4 Bd4 28. Nxd4 cxd4 29. Rxd4 Rg2 30. Rc1+ Kd7 31. d6 Rc8
32. Rxc8 Kxc8 33. Rc4+ Kd7 34. Rc7+ Kxd6 35. Rxf7 Ke6 36. Rxb7 Rxg3 37.
Rxa7 Rh3 38. a4 Rxh5 39. b4 Rh2 40. a5 Kd5 41. Rc7 Kd6 42. Rb7 Kd5 43. a6
Kc4 44. a7 Kb3 45. Kc1 Ra2 46. b5 h5 47. b6 Kc3 48. Rc7+ Kd3 49. Rc8 1-0

[Event "American Continental"]
[Site "Buenos Aires ARG"]
[Date "2005.08.13"]
[Round "8"]
[White "Di Benedetto,G"]
[Black "Zapata,Marc"]
[Result "1-0"]
[WhiteElo "2205"]
[BlackElo "2353"]
[EventDate "2005.08.06"]

1. d4 Nf6 2. c4 g6 3. Nc3 Bg7 4. e4 d6 5. Nf3 O-O 6. Be2 e5 7. O-O Nc6 8.
d5 Ne7 9. b4 Nh5 10. Re1 f5 11. Ng5 Nf6 12. Bf3 c6 13. Be3 cxd5 14. cxd5 h6
15. Ne6 Bxe6 16. dxe6 fxe4 17. Nxe4 Nxe4 18. Bxe4 d5 19. Bc2 e4 20. Rc1 Rf6
21. Qg4 Qd6 22. Bb3 b6 23. b5 Rd8 24. Rcd1 Qxe6 25. Qxe6+ Rxe6 26. Bd2 Nf5
27. Bxh6 Bxh6 28. Rxd5 Rde8 29. Re5 Kf7 30. Rxe6 Rxe6 31. Rxe4 Ng7 32. Ra4
Kf6 33. Bxe6 Nxe6 34. Rxa7 Bd2 35. Kf1 Bb4 36. h4 Nd4 37. a4 Nb3 38. g4 Ba5
39. f3 Bb4 40. g5+ Kf5 41. Rf7+ Ke5 42. h5 gxh5 43. g6 Ke6 44. f4 Nd4 45.
f5+ 1-0

[Event "American Continental"]
[Site "Buenos Aires ARG"]
[Date "2005.08.13"]
[Round "8"]
[White "Mareco,S"]
[Black "Sosa Harrison,J"]
[Result "1-0"]
[WhiteElo "2187"]
[BlackElo "2346"]
[EventDate "2005.08.06"]

1. e4 c5 2. Nf3 e6 3. d4 cxd4 4. Nxd4 Nc6 5. Nb5 d6 6. c4 Nf6 7. N1c3 a6 8.
Na3 d5 9. cxd5 exd5 10. exd5 Nb4 11. Be2 Bf5 12. O-O Bc5 13. Nc4 Nbxd5 14.
Nxd5 Qxd5 15. Bg5 Be6 16. Be3 Qxd1 17. Rfxd1 Bxe3 18. Nxe3 Rc8 19. Bf3 b5
20. Rd6 Ke7 21. Rxa6 Rhd8 22. Rb6 Rc5 23. b4 Re5 24. a3 Rd2 25. Rd1 Rxd1+
26. Bxd1 Nd5 27. Rxb5 Nxe3 28. Rxe5 Nxd1 29. b5 Kd6 30. b6 Kc6 31. Rc5+ Kb7
32. Rc7+ Ka6 33. Rc1 Nxf2 34. Rb1 Nh3+ 35. gxh3 Bd5 36. h4 g6 37. Kf2 h6
38. Ke3 g5 39. Kd4 Bf3 40. hxg5 hxg5 41. Ke5 g4 42. Kf6 Bd5 43. b7 Bxb7 44.
Rxb7 Kxb7 45. Kxf7 Kc6 46. Kf6 Kb5 47. Kf5 Ka4 48. Kxg4 Kxa3 49. h4 1-0

[Event "American Continental"]
[Site "Buenos Aires ARG"]
[Date "2005.08.13"]
[Round "8"]
[White "Contreras,H"]
[Black "Bibiloni,J"]
[Result "1-0"]
[WhiteElo "2328"]
[BlackElo "2178"]
[EventDate "2005.08.06"]

1. e4 e5 2. Nf3 d6 3. d4 exd4 4. Nxd4 Nf6 5. Nc3 Be7 6. Bc4 O-O 7. O-O a6
8. a4 Nc6 9. Re1 Ne5 10. Bf1 c5 11. Nde2 Ng6 12. Nf4 Bg4 13. f3 Nxf4 14.
Bxf4 Be6 15. Re2 Qb6 16. a5 Qc6 17. Rd2 Rad8 18. Bg5 h6 19. Bxf6 Bxf6 20.
Kh1 Bg5 21. Nd5 Rde8 22. f4 Bd8 23. Bc4 Bc8 24. Qf3 Re6 25. g4 Rfe8 26. Re2
Kh8 27. Kg2 Qd7 28. h3 g5 29. fxg5 hxg5 30. Nb6 Bxb6 31. Bxe6 Qxe6 32. axb6
Bd7 33. Rae1 Bc6 34. Qf5 Qxf5 35. gxf5 Re5 36. Kg3 c4 37. c3 Rb5 38. Rd1
Rxb6 39. Rxd6 Kg7 40. e5 Rb5 41. Kg4 Bd5 42. Kxg5 Bf3 43. Re3 Bc6 44. f6+
Kh7 45. Rd2 Bd5 46. Rd4 Be6 47. Rh4+ Kg8 48. Kf4 1-0

[Event "American Continental"]
[Site "Buenos Aires ARG"]
[Date "2005.08.13"]
[Round "8"]
[White "Quiroga,F"]
[Black "Zapata,K"]
[Result "0-1"]
[WhiteElo "2321"]
[BlackElo "2156"]
[EventDate "2005.08.06"]

1. d4 Nf6 2. Nf3 g6 3. c4 Bg7 4. Nc3 O-O 5. e4 d6 6. Be2 Nbd7 7. O-O e5 8.
Re1 Re8 9. d5 h6 10. Nd2 Nh7 11. Nf1 f5 12. exf5 gxf5 13. f4 a5 14. Ng3
Ndf6 15. Rf1 e4 16. Be3 Bd7 17. Rc1 Nf8 18. b3 Ng6 19. Nh5 Nxh5 20. Bxh5
Kh7 21. Ne2 Rg8 22. Bxg6+ Kxg6 23. Ng3 Kh7 24. Bd4 b6 25. Nh5 Bxd4+ 26.
Qxd4 Rg6 27. Rc3 Qh8 28. Qxh8+ Rxh8 29. Rf2 Rc8 30. a3 Kg8 31. Ng3 Kf7 32.
Nf1 Kf6 33. Ne3 Rgg8 34. Rb2 Be8 35. Kf2 Bf7 36. Rc1 c5 37. dxc6 Rxc6 38.
Rbc2 a4 39. b4 Rgc8 40. g4 fxg4 41. Nxg4+ Ke7 42. Ne3 h5 43. Kg3 Kf6 44.
Kh4 Be6 45. Kg3 Bf7 46. Kf2 h4 47. Kg2 Be6 48. Kf2 Ke7 49. Ke1 Rf8 50. f5
Bxf5 51. Nd5+ Ke6 52. b5 Rc5 53. Nxb6 Re5 54. Nd5 Bh3 55. Rf2 Rxf2 56. Kxf2
Rf5+ 57. Ke1 Ke5 58. Ne3 Rf7 59. Ke2 Be6 60. Rg1 Kd4 61. Rd1+ Kc5 62. Rf1
Rxf1 63. Kxf1 d5 64. b6 Kxb6 65. cxd5 Bf7 66. Nc4+ Kc5 67. Nb2 Be8 68. Ke2
Kxd5 69. Ke3 Bc6 70. Nd1 Kc4 0-1

[Event "American Continental"]
[Site "Buenos Aires ARG"]
[Date "2005.08.13"]
[Round "8"]
[White "Leon Hoyos,M"]
[Black "Parrilli,F"]
[Result "1-0"]
[WhiteElo "2431"]
[BlackElo "2140"]
[EventDate "2005.08.06"]

1. e4 e5 2. Nf3 Nc6 3. Bc4 Nf6 4. d3 Be7 5. O-O O-O 6. Re1 d6 7. a4 Na5 8.
Ba2 c5 9. Nbd2 Nc6 10. c3 a6 11. Nf1 Bd7 12. Ng3 b5 13. Bb3 Na5 14. Bc2 Qc7
15. h3 g6 16. Nh2 Rfe8 17. Bg5 h5 18. Ngf1 Nh7 19. Bxe7 Rxe7 20. axb5 Bxb5
21. Ne3 Qd8 22. Ra3 c4 23. d4 Nc6 24. Nf3 Rb7 25. b3 exd4 26. Nxd4 Nxd4 27.
Qxd4 cxb3 28. Bxb3 Raa7 29. Bd5 Rc7 30. Rb1 Bd7 31. Nc4 Rxc4 32. Bxc4 Rc7
33. Rxa6 Qg5 34. Ra8+ Bc8 35. Ba6 1-0

[Event "American Continental"]
[Site "Buenos Aires ARG"]
[Date "2005.08.13"]
[Round "8"]
[White "Monier,R"]
[Black "Daneri,M"]
[Result "1/2-1/2"]
[WhiteElo "2412"]
[BlackElo "2220"]
[EventDate "2005.08.06"]

1. d4 Nf6 2. c4 g6 3. Nc3 Bg7 4. e4 d6 5. Nf3 O-O 6. Be2 Na6 7. O-O e5 8.
Be3 Ng4 9. Bg5 f6 10. Bh4 Qe8 11. h3 Nh6 12. Re1 c6 13. Rb1 f5 14. c5 exd4
15. Bxa6 bxa6 16. Nxd4 dxc5 17. exf5 Qf7 18. Nxc6 Nxf5 19. Ne7+ Kh8 20.
Nxf5 Bxf5 21. Rc1 Bh6 22. Ra1 Rab8 23. Qd6 Rb6 24. Qxc5 Rc8 25. Qd5 Be6 26.
Qd3 Rxb2 27. Ne4 Bf5 28. Qxa6 Rb6 29. Qa5 Bg7 30. Rad1 Qc4 31. f3 h6 32.
Bf2 Ra6 33. Rd8+ Kh7 34. Rxc8 Qxc8 35. Qd2 Qg8 36. Re2 Be6 37. Qe3 Bxa2 38.
Nc5 Ra5 39. Qd2 Bc4 40. Qxa5 Bxe2 41. Qxa7 Qd5 42. Qe7 Bc4 43. Nd7 Qf7 44.
Qd6 Qd5 45. Qe7 Qf7 46. Qd6 Qd5 47. Qxd5 Bxd5 48. Nc5 g5 49. Ne4 Kg6 50. g4
Be5 51. Kg2 Bc7 52. h4 gxh4 53. Bxh4 Bxe4 54. fxe4 h5 1/2-1/2

[Event "American Continental"]
[Site "Buenos Aires ARG"]
[Date "2005.08.13"]
[Round "8"]
[White "Duarte,L"]
[Black "Alza,A"]
[Result "1-0"]
[WhiteElo "2317"]
[BlackElo "2167"]
[EventDate "2005.08.06"]

1. e4 c5 2. Nf3 e6 3. d4 cxd4 4. Nxd4 Nf6 5. Nc3 d6 6. g4 h6 7. h4 Nc6 8.
Rg1 h5 9. gxh5 Nxh5 10. Bg5 Nf6 11. Qd2 Qb6 12. Nb3 Bd7 13. O-O-O Ne5 14.
Rg3 Rc8 15. f4 Nc4 16. Bxc4 Rxc4 17. e5 Rxc3 18. Qxc3 Ne4 19. Qe1 Nxg3 20.
Qxg3 g6 21. exd6 Bg7 22. f5 gxf5 23. Kb1 Qb5 24. Bf4 Bf8 25. Qc3 Rg8 26.
Bg5 Qc6 27. Qf6 Qc8 28. h5 Rxg5 29. Qxg5 Qd8 30. Qg8 Qh4 31. Nc5 Qg4 32.
Rg1 Qd4 33. Nxd7 Kxd7 34. Qxf7+ Kc6 35. Qc7+ Kd5 36. c4+ 1-0

[Event "American Continental"]
[Site "Buenos Aires ARG"]
[Date "2005.08.13"]
[Round "8"]
[White "Ripari,M"]
[Black "Ianovsky,M"]
[Result "1/2-1/2"]
[WhiteElo "2295"]
[BlackElo "2155"]
[EventDate "2005.08.06"]

1. e4 c5 2. Nf3 e6 3. d4 cxd4 4. Nxd4 Nf6 5. Nc3 Nc6 6. Ndb5 d6 7. Bf4 e5
8. Bg5 a6 9. Na3 b5 10. Bxf6 gxf6 11. Nd5 Bg7 12. g3 f5 13. exf5 e4 14. f6
Bxf6 15. Nxf6+ Qxf6 16. Qd5 O-O 17. Bg2 b4 18. Nc4 Nd4 19. Ne3 Be6 20. Qxd6
Ne2 21. Qd1 Nd4 22. Qh5 Nf3+ 23. Bxf3 exf3 24. O-O Rab8 25. Rad1 Rb5 26.
Qh4 Qxh4 27. gxh4 f5 28. Rd6 Kf7 29. Rd4 Kf6 30. Re1 Rg8+ 31. Kh1 Re5 32.
Rxb4 Re4 33. Rxe4 fxe4 34. h3 Bxh3 35. Kh2 Be6 36. b3 Ke5 37. Rd1 Rg6
1/2-1/2

[Event "American Continental"]
[Site "Buenos Aires ARG"]
[Date "2005.08.13"]
[Round "8"]
[White "Demaria,J"]
[Black "Ronco,R"]
[Result "1-0"]
[WhiteElo "2272"]
[BlackElo "2144"]
[EventDate "2005.08.06"]

1. e4 e6 2. d4 d5 3. Nc3 Bb4 4. exd5 exd5 5. Bd3 Ne7 6. Qf3 Nbc6 7. Nge2
Be6 8. a3 Bxc3+ 9. bxc3 Qd7 10. Rb1 O-O-O 11. O-O f6 12. Bb5 h5 13. Nf4 Bg4
14. Qd3 Qf5 15. Bxc6 Qxd3 16. Bxb7+ Kd7 17. Nxd3 1-0

[Event "American Continental"]
[Site "Buenos Aires ARG"]
[Date "2005.08.13"]
[Round "8"]
[White "Tenti,J"]
[Black "Patriarca,L"]
[Result "1/2-1/2"]
[WhiteElo "2153"]
[BlackElo "2266"]
[EventDate "2005.08.06"]

1. e4 e6 2. d4 d5 3. Nc3 Nf6 4. e5 Nfd7 5. f4 c5 6. Nf3 Nc6 7. Be3 cxd4 8.
Nxd4 Bc5 9. Qd2 a6 10. O-O-O Nxd4 11. Bxd4 Bxd4 12. Qxd4 Qb6 13. Qxb6 Nxb6
14. Bd3 h5 15. Ne2 Bd7 16. Nd4 g6 17. g3 Ke7 18. h3 Rh6 19. Kb1 Rc8 20. b3
Na8 21. Kb2 Nc7 22. a4 a5 23. Rh2 Na8 24. Rdh1 Rch8 25. Be2 Nb6 26. Bd3 Bc6
27. c3 Be8 28. Rc1 Bd7 29. Rch1 Be8 30. Ra1 Bd7 31. Rc2 Rc8 32. Nb5 Bxb5
33. axb5 Ra8 34. c4 Rhh8 35. c5 Nd7 36. b6 Rhc8 37. Rac1 Nb8 38. Bb5 Nc6
39. Bxc6 Rxc6 40. Ka3 Kd7 41. Ka4 Ra6 42. Kb5 Kc8 43. g4 hxg4 44. hxg4 Kb8
45. Ka4 Kc8 46. Ka3 Kd7 47. Kb2 Ra8 48. Ra1 Rcc8 49. b4 Kc6 50. bxa5 Kb5
51. c6 Rxc6 52. Rxc6 Kxc6 53. Rc1+ Kb5 54. Rc7 Rxa5 55. Rxb7 Kc5 56. Rxf7
Rb5+ 57. Kc1 Rxb6 58. Rf6 Rb4 59. g5 Re4 60. Rxe6 Rxf4 61. Rxg6 Rf5 1/2-1/2